00210nam a2200085Ia 4500008004100000100001300041245004700054260001400101260000900115170617s9999 xx 000 0 und d aJain-N.K 0aadvance in control and novel drug delivery bC B S Pub c2006